Top 10 najmłodszych państw na świecie! - Statystyki

Ogólne statystyki
  • Ten quiz został rozwiązany 36 razy
  • Średni wynik to 5 z 10
Statystyki odpowiedzi
Rok Państwo % Poprawnych
2008 Kosowo
88%
2011 Sudan Południowy
84%
2006 Czarnogóra
78%
2006 Serbia
78%
2002 Timor Wschodni
44%
1993 Erytrea
41%
2012 Palestyna
28%
1994 Palau
22%
1986 Mikronezja
13%
1986 Wyspy Marshalla
13%
Nie znaleziono quizów pasujących do podanych kryteriów
Rozkład punktacji
Procent ludzi z każdym wynikiem
Percentyl według liczby udzielonych odpowiedzi
Twoja historia wyników
Nie rozwiązałeś tego quizu